000 00340 a2200157 4500
001 50282
020 _a8508036221
040 _cAnchieta - Bela Vista
100 _aJunqueira, Sônia
240 1 0 _aO menino e o muro
_lpor
245 1 0 _aO menino e o muro
300 _a24
362 0 _a2005
650 4 _aLiteratura infantil
942 _cBK
999 _c50282
_d50282